[Event "CNE ch-NED Rapid 2016"]
[Site "Amstelveen NED"]
[Date "2016.10.30"]
[Round "7.3"]
[White "L'Ami,E"]
[Black "Timman,J"]
[Result "1/2-1/2"]
[WhiteElo "2605"]
[BlackElo "2565"]

1.d4 Nf6 2.c4 e6 3.Nc3 Bb4 4.Qc2 O-O 5.a3 Bxc3+ 6.Qxc3 b6 7.Bg5 Bb7 8.f3 h6
9.Bh4 d5 10.e3 Nbd7 11.cxd5 Nxd5 12.Bxd8 Nxc3 13.Bh4 Nd5 14.Bf2 f5 15.Bb5 c6
16.Bd3 e5 17.Ne2 Rae8 18.O-O exd4 19.Nxd4 Nxe3 20.Bxe3 Rxe3 21.Bxf5 Nf6 22.Rfe1 Rxe1+
23.Rxe1 Rd8 24.Re7 Rxd4 25.Rxb7 Rd1+ 26.Kf2 Rd2+ 27.Kf1 g5 28.b4 Kf8 29.Rxa7 Nd5
30.Kg1 Rd1+ 31.Kf2 Rd2+ 32.Kg1  1/2-1/2

[Event "Platja d'Aro Legends Rapid"]
[Site "Platja d'Aro ESP"]
[Date "2017.06.27"]
[Round "1.1"]
[White "Timman,J"]
[Black "Karpov,Ana"]
[Result "1-0"]
[WhiteElo "2578"]
[BlackElo "2626"]

1.c4 Nf6 2.Nc3 e5 3.Nf3 Nc6 4.g3 Bc5 5.Bg2 d6 6.O-O O-O 7.d3 h6 8.a3 a6 9.b4 Ba7
10.Bb2 Be6 11.Nd2 Qd7 12.Nd5 Ne8 13.Rc1 Nd8 14.Nc3 Bh3 15.e3 Bxg2 16.Kxg2 Ne6
17.Ne2 c6 18.Nf3 Rd8 19.e4 f5 20.Nh4 f4 21.f3 Be3 22.Rc2 Ng5 23.Nf5 Rxf5
24.exf5 Qxf5 25.g4 Qe6 26.Nc3 d5 27.cxd5 cxd5 28.Bc1 d4 29.Bxe3 dxe3 30.Qe2 Nf6
31.Ne4 Ngxe4 32.dxe4 h5 33.h3 Rd4 34.Rd1 hxg4 35.hxg4 Nd7 36.b5 Qd6 37.Rc8+ Kf7
38.Qa2+ Kg6 39.Rxd4 exd4 40.Re8 Kf6 41.g5+ Kxg5 42.Qf7 g6 43.Re6 Ne5 44.Qf6+  1-0

[Event "Platja d'Aro Legends Rapid"]
[Site "Platja d'Aro ESP"]
[Date "2017.06.28"]
[Round "3.1"]
[White "Timman,J"]
[Black "Ribli,Z"]
[Result "1/2-1/2"]
[WhiteElo "2578"]
[BlackElo "2526"]

1.c4 e6 2.Nc3 d5 3.d4 c6 4.e3 Nf6 5.Nf3 Nbd7 6.Qc2 Bd6 7.Bd3 O-O 8.O-O dxc4
9.Bxc4 b5 10.Be2 Bb7 11.Bd2 a6 12.Ne4 Nxe4 13.Qxe4 Rb8 14.Qc2 c5 15.a4 b4
16.a5 Qe7 17.Rfc1 Rfc8 18.Qd1 Nf6 19.Bd3 e5 20.dxc5 Bxc5 21.Bc4 Ne4 22.Qe2 Ra8
23.Be1 Ng5 24.Nxg5 Qxg5  1/2-1/2

[Event "Platja d'Aro Legends Rapid"]
[Site "Platja d'Aro ESP"]
[Date "2017.06.29"]
[Round "4.1"]
[White "Ribli,Z"]
[Black "Timman,J"]
[Result "1/2-1/2"]
[WhiteElo "2526"]
[BlackElo "2578"]

1.Nf3 c5 2.c4 Nf6 3.Nc3 Nc6 4.g3 d5 5.d4 cxd4 6.Nxd4 dxc4 7.Nxc6 Qxd1+ 8.Nxd1 bxc6
9.Bg2 Nd5 10.Ne3 e6 11.Nxc4 Ba6 12.Na5 Bb4+ 13.Bd2 Rb8 14.b3 Bxa5 15.Bxa5 Ke7
16.Bf3 c5 17.O-O Rhc8 18.Rfd1 c4 19.Bxd5 exd5 20.Rxd5 cxb3 21.axb3 Rxb3 22.Bb4+ Rxb4
23.Rxa6 Rc7 24.Rg5 g6 25.Rga5  1/2-1/2

[Event "Platja d'Aro Legends Rapid"]
[Site "Platja d'Aro ESP"]
[Date "2017.06.30"]
[Round "5.2"]
[White "Timman,J"]
[Black "Ljubojevic,L"]
[Result "1/2-1/2"]
[WhiteElo "2578"]
[BlackElo "2571"]

1.e4 c5 2.Nf3 e6 3.d4 cxd4 4.Nxd4 a6 5.Nc3 b5 6.Bd3 Bb7 7.O-O Qc7 8.Re1 Nc6
9.Nxc6 Qxc6 10.a4 b4 11.Nd5 Nf6 12.Bd2 Nxd5 13.exd5 Qc7 14.Be4 Bd6 15.dxe6 dxe6
16.Bxb7 Qxb7 17.Qg4 O-O 18.Bh6 f5 19.Qc4 Qd5  1/2-1/2

[Event "Platja d'Aro Legends Blitz"]
[Site "Platja d'Aro ESP"]
[Date "2017.07.01"]
[Round "2.2"]
[White "Ljubojevic,L"]
[Black "Timman,J"]
[Result "0-1"]
[WhiteElo "2571"]
[BlackElo "2578"]

1.c4 e5 2.Nc3 Bb4 3.Qc2 Nf6 4.Nf3 Qe7 5.Nd5 Nxd5 6.cxd5 c6 7.e3 O-O 8.Bd3 g6
9.a3 Bd6 10.Bc4 b5 11.Ba2 Bb7 12.dxc6 Nxc6 13.d3 Rac8 14.Qe2 b4 15.O-O Ba6
16.Nd2 e4 17.Bc4 Bxc4 18.Nxc4 Bc7 19.dxe4 Qxe4 20.axb4 d5 21.Nd2 Qxb4 22.Qd3 Qd6
23.Nf3 Ne5 24.Nxe5 Qxe5 25.g3 Bb6 26.Rd1 Rfd8 27.Ra4 Rc6 28.Rb4 Rc4 29.Rb5 Qc7
30.Bd2 d4 31.e4 Qc6 32.Rb4 Rc2 33.Bc3 Rxf2 34.Rxb6 Qxb6 35.Bxd4 Rxb2 36.Bxb6 Rxd3
37.Rxd3 axb6 38.h4 h5 39.e5 Kf8 40.Rd7 b5 41.Rb7 b4 42.Kf1 b3 43.Ke1 Ke8
44.Kd1 Rb1+ 45.Kd2 b2 46.Kc2 Rg1 47.Rb3 Ke7 48.Kxb2 Ke6 49.Re3 Kf5 50.Kc3 Kg4
51.e6 fxe6 52.Kd4 Rxg3 53.Rxe6 Kxh4 54.Ke4 g5 55.Ra6 Rb3 56.Ra5 g4 57.Kf4 Rf3+
58.Ke4 Rf8 59.Rb5 g3 60.Rb7 g2 61.Rg7 Kh3 62.Ke3 Kh2 63.Kd4  0-1

[Event "Platja d'Aro Legends Blitz"]
[Site "Platja d'Aro ESP"]
[Date "2017.07.01"]
[Round "3.1"]
[White "Timman,J"]
[Black "Ribli,Z"]
[Result "0-1"]
[WhiteElo "2578"]
[BlackElo "2526"]

1.Nf3 d5 2.g3 g6 3.Bg2 Bg7 4.O-O e5 5.d3 Ne7 6.e4 O-O 7.Nbd2 Nbc6 8.c3 a5
9.b3 d4 10.cxd4 Nxd4 11.Nxd4 Qxd4 12.Ba3 Re8 13.Qc2 Nc6 14.Bb2 Nb4 15.Qc1 Qxd3
16.Nc4 Bg4 17.f3 Be6 18.Nxe5 Qd6 19.f4 Rad8 20.Rf2 Qb6 21.Bf1 Bxe5 22.Bxe5 Nd3
23.Bxd3 Rxd3 24.Bxc7 Qd4 25.Qe1 Re3 26.Qf1 Qxe4 27.Qb1 Qd5 28.Be5 Bh3 29.Qd1 Qxd1+
30.Rxd1 f6  0-1

[Event "Platja d'Aro Legends Blitz"]
[Site "Platja d'Aro ESP"]
[Date "2017.07.01"]
[Round "4.1"]
[White "Ribli,Z"]
[Black "Timman,J"]
[Result "1-0"]
[WhiteElo "2526"]
[BlackElo "2578"]

1.Nf3 f5 2.g3 Nf6 3.Bg2 g6 4.b3 Bg7 5.Bb2 O-O 6.O-O d6 7.d4 c6 8.c4 a5 9.Nbd2 a4
10.Qc2 Na6 11.Bc3 Bd7 12.e4 fxe4 13.Nxe4 Nxe4 14.Qxe4 Bf5 15.Qe3 Nc7 16.Rfe1 Re8
17.h4 Ra6 18.d5 Bxc3 19.Qxc3 cxd5 20.Nd4 e5 21.Nxf5 gxf5 22.Bxd5+ Nxd5 23.cxd5 Qd7
24.Rac1 axb3 25.axb3 Rb6 26.Re2 Rb5 27.Rd2 Rc5 28.Qa1 Rec8 29.Rxc5 Rxc5 30.Qd1 Qf7
31.b4 Rc4 32.Rc2 Rd4 33.Qc1 Kg7 34.Qg5+  1-0

[Event "Platja d'Aro Legends Blitz"]
[Site "Platja d'Aro ESP"]
[Date "2017.07.01"]
[Round "5.2"]
[White "Timman,J"]
[Black "Ljubojevic,L"]
[Result "1/2-1/2"]
[WhiteElo "2578"]
[BlackElo "2571"]

1.e4 c5 2.Nf3 Nc6 3.d4 cxd4 4.Nxd4 g6 5.c4 Bg7 6.Be3 Nf6 7.Nc3 Ng4 8.Qxg4 Nxd4
9.Qd1 Ne6 10.Qd2 h5 11.Rc1 b6 12.Be2 Bb7 13.f3 h4 14.O-O g5 15.Nd5 Be5 16.b4 Qb8
17.h3 f6 18.c5 bxc5 19.bxc5 Qc8 20.f4 gxf4 21.Nxf4 Bxe4 22.Bd3 Bxd3 23.Qxd3 Qc6
24.Ng6 Rg8 25.Nxh4 Bg3 26.Nf3 Bf4 27.Kh1 Rc8 28.Rc4 Bxe3 29.Qxe3 Qd5 30.Rfc1 Rc6
31.R4c2 Kf7 32.Rd2 Qf5 33.Rxd7 Rxc5 34.Rxc5 Qxc5 35.Qxc5 Nxc5 36.Rxa7 Rb8
37.Ra5 Nd3 38.Rd5 Nf4 39.Rd2 Ra8 40.Kh2 Ra3  1/2-1/2

[Event "chess.com IoM Masters"]
[Site "Douglas ENG"]
[Date "2017.09.25"]
[Round "3.13"]
[White "Timman,J"]
[Black "Gelfand,B"]
[Result "1/2-1/2"]
[WhiteElo "2573"]
[BlackElo "2737"]

1.c4 c5 2.Nf3 Nf6 3.Nc3 d5 4.cxd5 Nxd5 5.e3 e6 6.Bc4 Be7 7.O-O O-O 8.d4 cxd4
9.exd4 Nxc3 10.bxc3 Qc7 11.Qe2 Nd7 12.Bb2 b6 13.Bd3 Bb7 14.c4 Rfe8 15.Rac1 Qf4
16.Nd2 Nf6 17.g3 Qc7 18.f3 Rac8 19.Ne4 Qb8 20.Qd2 Nd7 21.f4 Nf6 22.Ng5 Rcd8
23.Qc2 g6 24.Nf3 Qa8 25.Ne5 Ne4 26.Rfe1 f5 27.a4 Bf6 28.Bxe4 Bxe4 29.Qe2 Bxe5
30.fxe5 Qc6 31.Ra1 Rd7 32.h3 Red8 33.Kh2 Rxd4 34.Bxd4 Rxd4 35.Rac1 Qxa4 36.Red1 Qd7
37.Rxd4 Qxd4 38.Rd1 Qxe5 39.Qd2 Bc6 40.Qd8+ Kf7 41.Rd7+ Bxd7 42.Qxd7+ Kf8
43.Qd8+  1/2-1/2

[Event "chess.com IoM Masters"]
[Site "Douglas ENG"]
[Date "2017.09.26"]
[Round "4.32"]
[White "Krishna,CRG"]
[Black "Timman,J"]
[Result "1/2-1/2"]
[WhiteElo "2367"]
[BlackElo "2573"]

1.d4 Nf6 2.Nf3 g6 3.Nc3 d5 4.Bf4 Bg7 5.e3 O-O 6.Be2 c5 7.dxc5 Nbd7 8.O-O Nxc5
9.Be5 b6 10.a4 Bb7 11.a5 bxa5 12.Ra3 Ncd7 13.Bd4 a6 14.Ne5 Nxe5 15.Bxe5 Nh5
16.Bxg7 Nxg7 17.Qd3 Nf5 18.Rfa1 d4 19.exd4 Nxd4 20.Bf1 Qb6 21.Rxa5 Rfd8 22.Qe3 Rd6
23.Re5 e6 24.Na4 Qc7 25.Rc5 Qe7 26.Rc4 Nf5 27.Qc3 Qd8 28.Nc5 Bd5 29.Rca4 Qg5
30.Ne4 Bxe4 31.Rxe4 Qd8 32.Rc4 Nd4 33.Rc5 Nb5 34.Qf3 Nd4 35.Qc3 Nb5 36.Qf3 Nd4
37.Qc3  1/2-1/2

[Event "chess.com IoM Masters"]
[Site "Douglas ENG"]
[Date "2017.09.28"]
[Round "6.7"]
[White "Vallejo Pons,F"]
[Black "Timman,J"]
[Result "1/2-1/2"]
[WhiteElo "2716"]
[BlackElo "2573"]

1.d4 Nf6 2.c4 e6 3.g3 Bb4+ 4.Bd2 Bxd2+ 5.Qxd2 O-O 6.Bg2 d5 7.Nf3 Nbd7 8.O-O dxc4
9.Na3 e5 10.dxe5 Nxe5 11.Qxd8 Nxf3+ 12.Bxf3 Rxd8 13.Rfd1 Be6 14.Bxb7 Rab8
15.Ba6 Rd6 16.Rxd6 cxd6 17.Nxc4 Ne4 18.Na5 Rxb2 19.a4 Nc5 20.Bc4 d5 21.Bxd5 Bxd5
22.Rd1 Nxa4 23.Rxd5 g6 24.Re5 Nc3 25.Nc6 Rxe2 26.Rxe2 Nxe2+ 27.Kf1 Nc3 28.Nxa7 Kg7
29.Nc6 Kf6 30.Nb4 Ke6 31.Kg2  1/2-1/2

[Event "chess.com IoM Masters"]
[Site "Douglas ENG"]
[Date "2017.09.29"]
[Round "7.15"]
[White "Timman,J"]
[Black "Leko,P"]
[Result "1/2-1/2"]
[WhiteElo "2573"]
[BlackElo "2679"]

1.d4 Nf6 2.c4 e6 3.Nf3 d5 4.Nc3 Bb4 5.Qa4+ Nc6 6.e3 O-O 7.Qc2 Re8 8.Bd2 a6
9.h3 Bd6 10.a3 Bd7 11.Be2 dxc4 12.Bxc4 h6 13.O-O e5 14.d5 Ne7 15.e4 b5 16.Ba2 Ng6
17.Rfe1 Nh5 18.Be3 Rf8 19.Qd1 Nhf4 20.Rc1 f5 21.exf5 Bxf5 22.Bb1 Bxb1 23.Rxb1 Qd7
24.Bxf4 Rxf4 25.Ne4 Raf8 26.Re3 Qf7 27.Qd3 Rf5 28.Ng3 e4 29.Nxe4 Nf4 30.Qb3 Nxh3+
31.gxh3 Rxf3 32.Rxf3 Qxf3 33.Qxf3 Rxf3 34.Nxd6 cxd6 35.Rc1 Kf7 36.Rc6 Ke7
37.Rxa6 Rxh3 38.Ra7+ Kf6 39.Rd7 Ke5 40.Rxg7 Rb3 41.Re7+ Kxd5 42.Re2 h5 43.Rd2+ Ke5
44.Re2+ Kd4 45.Rd2+ Ke5 46.Re2+ Kd4 47.Rd2+ Ke5  1/2-1/2

[Event "CNE ch-NED Rapid 2017"]
[Site "Amstelveen NED"]
[Date "2017.12.02"]
[Round "1.3"]
[White "Sokolov,Ivan"]
[Black "Timman,J"]
[Result "1-0"]
[WhiteElo "2589"]
[BlackElo "2562"]

1.d4 Nf6 2.c4 e6 3.Nf3 b6 4.g3 Ba6 5.b3 b5 6.cxb5 Bxb5 7.Nc3 Bb4 8.Bd2 Bc6
9.Bg2 O-O 10.O-O a5 11.Qc2 Bxc3 12.Bxc3 Be4 13.Qd2 Nc6 14.Rfc1 a4 15.b4 Qb8
16.a3 Qb7 17.Bb2 Na7 18.Bf1 d6 19.Ne1 Bc6 20.f3 Nd7 21.Ng2 Bb5 22.d5 e5 23.Ne3 Nb6
24.Nf5 f6 25.e4 Bxf1 26.Kxf1 Rf7 27.Qd3 Rd7 28.Rc2 Nbc8 29.Rac1 Ne7 30.Ne3 Qb5
31.Nc4 c6 32.dxc6 Naxc6 33.Nxe5 Qxd3+ 34.Nxd3 Ne5 35.Bxe5 dxe5 36.Ke2 Rad8
37.Nc5 Ra7 38.Nd3 Rad7 39.Nc5 Ra7 40.Ke3 f5 41.Nd3 fxe4 42.fxe4 Ng6 43.h4 Rad7
44.Nc5 Rd6 45.Rc3 Ra8 46.Nd3 Rad8 47.Nb2 Nf8 48.Rc8 Rxc8 49.Rxc8 Rg6 50.Kf3 Rf6+
51.Kg2 Kf7 52.Rc7+ Ke8 53.Rxg7 Rc6 54.Nxa4 Ra6 55.Nc3 Rxa3 56.Nd5  1-0

[Event "CNE ch-NED Rapid 2017"]
[Site "Amstelveen NED"]
[Date "2017.12.02"]
[Round "2.2"]
[White "Timman,J"]
[Black "Giri,A"]
[Result "1/2-1/2"]
[WhiteElo "2562"]
[BlackElo "2752"]

1.Nf3 c5 2.e4 d6 3.d4 cxd4 4.Nxd4 Nf6 5.Nc3 a6 6.Be3 e5 7.Nf3 Be7 8.Bc4 O-O
9.O-O Nc6 10.Qe2 Na5 11.Bd5 Be6 12.Rfd1 Qc7 13.Bxe6 fxe6 14.Ng5 Qc4 15.Qxc4 Nxc4
16.Nxe6 Rfc8 17.Bc1 h6 18.Nd5 Nxd5 19.exd5 Nb6 20.Be3 Nc4 21.Bc1 Nb6 22.Be3  1/2-1/2

[Event "CNE ch-NED Rapid 2017"]
[Site "Amstelveen NED"]
[Date "2017.12.02"]
[Round "3.4"]
[White "Van den Doel,E"]
[Black "Timman,J"]
[Result "1-0"]
[WhiteElo "2589"]
[BlackElo "2562"]

1.e4 e6 2.d4 d5 3.Nd2 c5 4.Ngf3 cxd4 5.Nxd4 Nc6 6.Bb5 Bd7 7.Nxc6 bxc6 8.Bd3 Qc7
9.Qe2 Ne7 10.Nf3 Ng6 11.e5 Be7 12.O-O O-O 13.c4 dxc4 14.Bxc4 c5 15.Re1 Bc6
16.Ng5 h6 17.Nh3 Rad8 18.b3 Qxe5 19.Qxe5 Nxe5 20.Rxe5 Rd1+ 21.Bf1 Bf6 22.Rxc5 Be4
23.Bb2 Rxa1 24.Bxa1 Bxa1 25.Rc4 Bf5 26.g4 Bh7 27.Ra4 Rd8 28.Rxa7 Bb1 29.a4 Rd1
30.Nf4 Be5 31.Ng2 Bd4 32.Ra8+ Kh7 33.Nf4 Be4 34.Rf8 Bf3 35.Nxe6 Bf6 36.Nf4 Bxg4
37.Kg2 Bf5 38.Rxf7 Be4+ 39.f3 Rd2+ 40.Kg3 Bc2 41.Rc7 Bxb3 42.Bd3+ Kg8 43.Bc4+ Bxc4
44.Rxc4 Be5 45.Kg4 Rxh2 46.Ng6 Rg2+ 47.Kf5 Rg5+ 48.Ke6 Bf6 49.Rc8+ Kh7 50.Nf8+ Kg8
51.f4 Ra5 52.Ng6+ Kh7 53.f5  1-0

[Event "CNE ch-NED Rapid 2017"]
[Site "Amstelveen NED"]
[Date "2017.12.02"]
[Round "4.1"]
[White "Van Wely,L"]
[Black "Timman,J"]
[Result "1-0"]
[WhiteElo "2657"]
[BlackElo "2562"]

1.d4 Nf6 2.c4 e6 3.Nf3 Bb4+ 4.Nbd2 b6 5.a3 Bxd2+ 6.Qxd2 Bb7 7.e3 O-O 8.Be2 d5
9.b3 Nbd7 10.O-O dxc4 11.bxc4 c5 12.Bb2 Qc7 13.Rac1 Rad8 14.Rfd1 cxd4 15.exd4 h6
16.h3 Rfe8 17.Qe3 Qc6 18.Bd3 Nf8 19.Bb1 N8h7 20.Ne1 Ng5 21.f4 Nge4 22.Nf3 Nd6
23.Qf2 Nde4 24.Qc2 Rc8 25.Ne5 Qc7 26.Qe2 a6 27.d5 Nd6 28.Ng4 Nxg4 29.Qxg4 f5
30.Qg3 Qf7 31.Be5 Nxc4 32.Rxc4 Rxc4 33.dxe6 Rxe6 34.Rd8+ Kh7 35.Bxf5+  1-0

[Event "CNE ch-NED Rapid 2017"]
[Site "Amstelveen NED"]
[Date "2017.12.03"]
[Round "5.4"]
[White "Timman,J"]
[Black "Bok,B"]
[Result "0-1"]
[WhiteElo "2562"]
[BlackElo "2601"]

1.e4 c5 2.Nf3 d6 3.d4 cxd4 4.Nxd4 Nf6 5.Nc3 a6 6.Be3 Ng4 7.Bg5 h6 8.Bc1 Nf6
9.Bc4 e6 10.Bb3 b5 11.O-O Bd7 12.Re1 Be7 13.a4 b4 14.Na2 Nc6 15.f3 O-O 16.Be3 Qb8
17.Qd2 Na5 18.Nxb4 d5 19.Nd3 dxe4 20.Qxa5 exd3 21.Qd2 e5 22.Bf4 exf4 23.Rxe7 Qd6
24.Rxd7 Nxd7 25.c3 Rfe8 26.Bc4 Ne5 27.Bxd3 Nxd3 28.Qxd3 Re3 29.Qd2 Rae8 30.Rd1 Qd7
31.b3 Qc7 32.Rc1 Qc5 33.Kf1 g6 34.h3 h5 35.Rc2 Qe5 36.Rc1 Kh7 37.b4 Rc8 38.b5 axb5
39.axb5 Qc5 40.Qa2 Kg8 41.Ne2 Qxb5 42.c4 Qe5 43.Qd2 Re8 44.Nc3 Kg7 45.Ne4 Rb8
46.c5 Rb2 47.Qd6 Rxe4 48.fxe4 Qxe4  0-1

[Event "CNE ch-NED Rapid 2017"]
[Site "Amstelveen NED"]
[Date "2017.12.03"]
[Round "6.2"]
[White "Van Foreest,Jorden"]
[Black "Timman,J"]
[Result "1-0"]
[WhiteElo "2629"]
[BlackElo "2562"]

1.e4 e6 2.d4 d5 3.Nc3 Nf6 4.e5 Nfd7 5.f4 c5 6.Nf3 Nc6 7.Be3 cxd4 8.Nxd4 Bc5
9.Qd2 O-O 10.O-O-O a6 11.Qf2 Bxd4 12.Bxd4 b5 13.Be3 b4 14.Ne2 a5 15.Ng3 a4
16.Bb5 Qc7 17.Nh5 b3 18.a3 bxc2 19.Rd3 Na5 20.Qg3 g6 21.Qg5 f5 22.exf6 Nb3+
23.Rxb3 axb3 24.Bd4 Rf7 25.f5 exf5 26.Nf4 Nxf6 27.Bxf6 Qb6 28.Re1 Bd7 29.Bxd7 Qxf6
30.Qxf6 Rxf6 31.Be6+ Kh8 32.Bxd5 Rb8 33.Re3 g5 34.Ne6 f4 35.Rxb3 Rxb3 36.Bxb3 g4
37.Nc5 f3 38.gxf3 gxf3 39.Bc4 f2 40.Bf1 Rg6 41.Ne4 Rc6 42.Bd3 Rh6 43.Nxf2 Rxh2
44.Ng4 Rg2 45.Nf6 h6 46.Bxc2 Rg5 47.Bd1 Kg7 48.Nh5+ Kf7 49.b4 Ke6 50.Bf3 Ke5
51.Kc2 Kd4 52.a4 Kc4 53.b5 Kc5 54.Nf6 Rf5 55.Nd7+ Kd6  1-0

[Event "TCh-BEL 2017-18"]
[Site "Belgium BEL"]
[Date "2018.03.25"]
[Round "9.3"]
[White "Vandenbussche,T"]
[Black "Timman,J"]
[Result "1/2-1/2"]
[WhiteElo "2402"]
[BlackElo "2573"]

1.e4 e6 2.d4 d5 3.Nc3 Nf6 4.Bg5 Be7 5.e5 Nfd7 6.Bxe7 Qxe7 7.Nb5 Nb6 8.Qg4 O-O
9.Bd3 f5 10.exf6 Qxf6 11.Nf3 Na6 12.Qg3 c5 13.O-O c4 14.Be2 Bd7 15.Nd6 Bc6
16.b3 Rad8 17.a4 Nb4 18.a5 Nxc2 19.Rac1 cxb3 20.axb6 a6 21.Rb1 Nxd4 22.Nxd4 Qxd4
23.Bg4 Rf6 24.Rfe1 Rxd6 25.Qxd6 Qxg4 26.Rxb3 h6 27.h3 Qd4 28.Rf3 Rxf3 29.gxf3 Qxb6
30.Qxe6+ Kh7 31.Qf5+ Kg8 32.Re7 Qb2 33.Qc8+ Kh7 34.Qf5+ Kg8 35.Qc8+ Kh7 36.Qf5+  1/2-1/2

[Event "4th CNE ch-NED Rapid 2018"]
[Site "Amstelveen NED"]
[Date "2018.11.18"]
[Round "1.3"]
[White "Van Wely,L"]
[Black "Timman,J"]
[Result "1/2-1/2"]
[WhiteElo "2622"]
[BlackElo "2541"]

1.d4 Nf6 2.c4 e6 3.Nf3 b6 4.g3 Ba6 5.b3 Bb7 6.Bg2 Bb4+ 7.Bd2 a5 8.O-O O-O
9.Qc2 Re8 10.Bg5 a4 11.Nbd2 h6 12.Bxf6 Qxf6 13.Rad1 axb3 14.axb3 d6 15.Ne4 Qe7
16.Ne1 d5 17.Nc3 Rd8 18.cxd5 Bxc3 19.Qxc3 Bxd5 20.e4 Bb7 21.Nd3 Ra3 22.Rfe1 Na6
23.h4 c5 24.d5 Nc7 25.Qb2 Nb5 26.Ne5 Raa8 27.Nc4 Qc7 28.d6 Nxd6 29.Qe5 Ne8
30.Qxc7 Nxc7 31.Nxb6 Rxd1 32.Rxd1 Ra6 33.Rd8+ Kh7 34.Nd7 Ra1+ 35.Kh2 Ra8
36.Nf8+ Kg8 37.Nxe6+ Rxd8 38.Nxd8 Ba6 39.e5 Kf8 40.f4 c4 41.bxc4 Bxc4 42.Nb7 Ke7
43.Nd6 Be6 44.f5 Bd7 45.g4 f6 46.exf6+ Kxf6 47.Kg3 h5 48.gxh5 Bxf5 49.Be4 Bxe4
50.Nxe4+ Kf5 51.Kf3 Ne6 52.Ng3+ Kf6 53.Kg4 Nc5 54.Ne2 Nd3 55.Nc3 Ne5+ 56.Kf4 Nd3+
57.Ke4 Nc5+ 58.Kf3 Kf5 59.Nb5 Nd7 60.Nd6+ Ke6 61.Ne4 Nf6 62.Ng3 Ke5 63.Ke3 Nd5+
64.Kf3 Nf6  1/2-1/2

[Event "4th CNE ch-NED Rapid 2018"]
[Site "Amstelveen NED"]
[Date "2018.11.18"]
[Round "2.2"]
[White "Timman,J"]
[Black "Spoelman,W"]
[Result "1/2-1/2"]
[WhiteElo "2541"]
[BlackElo "2573"]

1.Nf3 d5 2.g3 c6 3.Bg2 Nf6 4.c4 e6 5.b3 Nbd7 6.Bb2 Bd6 7.d4 O-O 8.O-O b5
9.Nbd2 a5 10.Qc2 bxc4 11.bxc4 Ba6 12.Rfe1 Rb8 13.c5 Bc7 14.Bc3 Qe7 15.e4 dxe4
16.Nxe4 Bc4 17.Nxf6+ Nxf6 18.Ne5 Bxe5 19.dxe5 Nd5 20.Bd2 Ba6 21.Bxa5 Rb5
22.Bd2 Rxc5 23.Qa4 Bb5 24.Qg4 Bd3 25.Bb4 Nxb4 26.Qxb4 Qa7 27.Qd4 Qa3 28.Qd6 Bb5
29.Be4 g6 30.Kg2 Qc3 31.a4 Ba6 32.Bf3 Qa5 33.Rac1 Rxc1 34.Rxc1 Qxa4 35.Qxc6  1/2-1/2

[Event "4th CNE ch-NED Rapid 2018"]
[Site "Amstelveen NED"]
[Date "2018.11.18"]
[Round "3.4"]
[White "Sokolov,Ivan"]
[Black "Timman,J"]
[Result "1-0"]
[WhiteElo "2588"]
[BlackElo "2541"]

1.d4 Nf6 2.c4 e6 3.Nf3 Bb4+ 4.Nbd2 O-O 5.a3 Be7 6.e4 d6 7.Bd3 Nbd7 8.O-O e5
9.d5 Nc5 10.Bc2 a5 11.b3 c6 12.Bb2 cxd5 13.cxd5 Bd7 14.b4 axb4 15.axb4 Na6
16.Bc3 Qb8 17.Bd3 Rc8 18.Qb3 Bd8 19.Ra3 Nc7 20.Rxa8 Qxa8 21.Ra1 Qb8 22.b5 Nxb5
23.Bxe5 dxe5 24.Bxb5 Qc7 25.Bxd7 Nxd7 26.g3 Be7 27.Kg2 g6 28.Qb5 Nf6 29.Ra4 Bc5
30.Rc4 b6 31.Qb2 Nd7 32.Nb3 Qd6 33.Nc1 Ra8 34.Nd3 f6 35.Qb5 f5 36.Qc6 Qxc6
37.dxc6 fxe4 38.Rxe4 Nf6 39.Nxc5 bxc5 40.Rxe5 Rc8 41.Rxc5 Kf7 42.Nd4 Ne8
43.Nb5 Ke7 44.Re5+ Kf6 45.Rxe8 Rxe8 46.Nd6  1-0

[Event "4th CNE ch-NED Rapid 2018"]
[Site "Amstelveen NED"]
[Date "2018.11.18"]
[Round "4.2"]
[White "Van Foreest,Jorden"]
[Black "Timman,J"]
[Result "1/2-1/2"]
[WhiteElo "2613"]
[BlackElo "2541"]

1.e4 e6 2.d4 d5 3.Bd3 dxe4 4.Bxe4 Nf6 5.Bf3 Nbd7 6.Ne2 Bd6 7.O-O O-O 8.Nbc3 c6
9.Bg5 Qc7 10.Ng3 h6 11.Be3 Nb6 12.Qd2 Nc4 13.Qe2 Nxe3 14.Qxe3 Bf4 15.Qd3 e5
16.Nce2 exd4 17.Nxf4 Qxf4 18.Ne2 Qe5 19.Nxd4 c5 20.Nb3 Bf5 21.Qc4 Qxb2 22.Rfc1 Be6
23.Qxc5 Rfc8 24.Qe7 Bxb3 25.axb3 Rxc2 26.Rcb1 Qd4 27.Qxb7 Qxf2+ 28.Kh1 Rac8
29.Rf1 Qb6 30.Rxa7 Qe6 31.Raa1 R2c7 32.Qb5 Rc5 33.Qb4 Rc3 34.Rab1 Nd5 35.Qb7 Ne3
36.Rfe1 Qf5 37.b4 Ng4 38.Bxg4 Qxg4 39.b5 R3c7 40.Qa6 Rc2 41.Rg1 Qe4 42.b6 Rd8
43.Qb5 Qb7 44.Rb2 Rc6 45.h3 Rcd6 46.Qb4 Rd4 47.Qc5 Rd3 48.Kh2 Rc8 49.Qe5 Rd5
50.Qf4 Qb8 51.Qxb8 Rxb8 52.Rc1 Kf8 53.Rc7 Re5 54.b7 Re7 55.Rc8+ Re8 56.Rc7 Re7
57.Rc8+ Re8 58.Rxb8 Rxb8 59.Kg3 Ke7 60.Kf4 Kd7 61.Ke5 Kc7 62.Rc2+ Kd7 63.Rb2 Kc7
64.Rf2 Re8+ 65.Kd5 f6 66.Rb2 Re5+ 67.Kd4 Kb8 68.Kc4 h5 69.Kd3 Re7 70.Kc4 Re5
71.Kd4 Rg5 72.Ke4 Re5+ 73.Kd4 Rg5 74.Ke3 Re5+ 75.Kf3 Rf5+ 76.Kg3 g5 77.h4 Rf4
78.hxg5 fxg5 79.Rb5 Rg4+ 80.Kf3 Rf4+ 81.Ke3 Rg4 82.Kf2 Rf4+ 83.Kg1 Rg4 84.Rb3 Rf4
85.Rb6 h4 86.Kh2 g4 87.Rh6 h3 88.gxh3 gxh3  1/2-1/2

[Event "4th CNE ch-NED Rapid 2018"]
[Site "Amstelveen NED"]
[Date "2018.11.18"]
[Round "6.4"]
[White "Ernst,S"]
[Black "Timman,J"]
[Result "1/2-1/2"]
[WhiteElo "2535"]
[BlackElo "2541"]

1.Nf3 Nf6 2.c4 e6 3.g3 b6 4.Bg2 Bb7 5.O-O Be7 6.Nc3 O-O 7.d4 Ne4 8.Bd2 d5
9.cxd5 exd5 10.Bf4 Nxc3 11.bxc3 Nd7 12.Qc2 c5 13.dxc5 Nxc5 14.Rfd1 Rc8 15.Bh3 Ne6
16.Be5 Bf6 17.Rac1 Qe7 18.Qf5 Bxe5 19.Qxe5 Rce8 20.Bxe6 Qxe6 21.Qxe6 Rxe6
22.Nd4  1/2-1/2

[Event "4th CNE ch-NED Rapid 2018"]
[Site "Amstelveen NED"]
[Date "2018.11.18"]
[Round "7.3"]
[White "Timman,J"]
[Black "Reinderman,D"]
[Result "1/2-1/2"]
[WhiteElo "2541"]
[BlackElo "2582"]

1.Nf3 f5 2.d4 Nf6 3.g3 g6 4.Bg2 Bg7 5.O-O O-O 6.b3 d6 7.Bb2 Ne4 8.Nbd2 Nc6
9.e3 Nxd2 10.Nxd2 Qe8 11.Nc4 e6 12.Re1 Bd7 13.d5 exd5 14.Bxd5+ Kh8 15.Bxg7+ Kxg7
16.Qd2 Qe7 17.f4 Qf6 18.Rad1 Rae8 19.e4 fxe4 20.Bxe4 Bg4 21.Rc1 Nd4 22.c3 Rxe4
23.cxd4 Rxd4 24.Qf2 c5 25.Ne3 Bh3 26.Nc2 Rd3 27.Qe2 Rc3 28.Rcd1 Rf7 29.Ne3 Re7
30.Nf5+ Bxf5 31.Qxe7+ Qxe7 32.Rxe7+ Kf6 33.Rxb7 Bd3 34.Rxa7 h5 35.Kf2 d5
36.Rd2 Be4 37.Rc7 Kf5 38.h3 Rf3+ 39.Ke1 Rxg3 40.Rxc5 Rxh3 41.Rf2 h4 42.Kd2 Kg4
43.f5 gxf5 44.Rc8 Rd3+ 45.Ke1 d4 46.Rg8+ Kh3 47.b4 Rg3 48.Rd8 d3 49.b5 Rg1+
50.Rf1 Rg3 51.Rf2 Rg1+ 52.Rf1 Rg3 53.Rf2  1/2-1/2

[Event "TCh-BEL 2018-19"]
[Site "Belgium BEL"]
[Date "2019.03.31"]
[Round "10.4"]
[White "Bezemer,A"]
[Black "Timman,J"]
[Result "1/2-1/2"]
[WhiteElo "2257"]
[BlackElo "2539"]

1.c4 e5 2.Nc3 Bb4 3.Nd5 Bc5 4.e3 Nf6 5.b4 Be7 6.Nxe7 Qxe7 7.Bb2 O-O 8.Ne2 d5
9.cxd5 Nxd5 10.a3 a5 11.b5 Rd8 12.Qc2 c5 13.Qe4 f6 14.f4 b6 15.fxe5 Bb7 16.Nf4 Nxf4
17.Qxf4 Nd7 18.Bc4+ Kh8 19.exf6 Nxf6 20.O-O-O Rf8 21.Qh4 Rad8 22.Rhf1 Bd5
23.Bxd5 Rxd5 24.e4 Rd4 25.Bxd4 cxd4 26.Kb2 d3 27.Rc1 Qe5+ 28.Ka2 Qe6+ 29.Kb2 Qe5+
30.Ka2 Qe6+ 31.Kb2  1/2-1/2

[Event "Nguyen-Timman Match 2019"]
[Site "Prague CZE"]
[Date "2019.06.17"]
[Round "1"]
[White "Nguyen,Thai Dai Van"]
[Black "Timman,J"]
[Result "1/2-1/2"]
[WhiteElo "2529"]
[BlackElo "2549"]

1.d4 Nf6 2.c4 e6 3.Nf3 b6 4.g3 Ba6 5.Qc2 Bb4+ 6.Bd2 Be7 7.e4 d5 8.cxd5 Bxf1
9.Kxf1 exd5 10.e5 Ne4 11.Kg2 f5 12.exf6 Bxf6 13.Nc3 Nxd2 14.Rhe1+ Be7 15.Qxd2 O-O
16.Qe3 Bb4 17.Qe6+ Kh8 18.Ne5 Qf6 19.Qxf6 gxf6 20.Nd3 Nc6 21.Rac1 Rad8 22.Re3 Bd6
23.Nb5 a6 24.Nxc7 Nxd4 25.Nxd5 Bxg3 26.hxg3 Rxd5 27.Nf4 Rd7 28.Rd3 Rfd8 29.Rcd1 Rd6
30.Nh5 f5 31.Rc1 Nc6 32.Rxd6 Rxd6 33.Re1 Kg8 34.Re8+ Kf7 35.Rh8 h6 36.Nf4 Ne5
37.Rh7+ Ke8 38.Rb7 b5 39.Ra7 Ng4 40.f3 Rd2+ 41.Kg1 Ne5 42.Rxa6 Nxf3+ 43.Kf1 Nh2+
44.Ke1 Nf3+ 45.Kf1 Rxb2 46.Rxh6 Rxa2 47.Rb6 Rb2 48.Nd3 Rb3 49.Nc5 Rb1+ 50.Kf2 Ng5  1/2-1/2

[Event "Nguyen-Timman Match 2019"]
[Site "Prague CZE"]
[Date "2019.06.17"]
[Round "2"]
[White "Timman,J"]
[Black "Nguyen,Thai Dai Van"]
[Result "0-1"]
[WhiteElo "2549"]
[BlackElo "2529"]

1.Nf3 d5 2.g3 g6 3.Bg2 Bg7 4.O-O e5 5.c4 dxc4 6.Na3 e4 7.Ne1 f5 8.d3 cxd3
9.exd3 Nc6 10.Nb5 a6 11.Nc3 Nf6 12.Bf4 Be6 13.dxe4 fxe4 14.Nc2 O-O 15.Re1 Bf5
16.Qxd8 Raxd8 17.Bxc7 Rd2 18.Ne3 Rxb2 19.Na4 Rb4 20.Nxf5 gxf5 21.Nc5 Nd5
22.Bd6 Rd8 23.Nxe4 fxe4 24.Bxb4 Bxa1 25.Rxa1 Ndxb4 26.Bxe4 Rd4 27.f3 Nd5
28.Rc1 Rd2 29.a3 Nce7 30.f4 b5 31.h4 a5 32.f5 b4 33.axb4 axb4 34.g4 b3 35.Ra1 b2
36.Ra8+ Kf7 37.g5 Nc3 38.g6+ hxg6 39.fxg6+ Kg7  0-1